000 00992nam a2200265 a 4500
001 000044133
005 20240604194808.0
008 110331s1991 dr 000 0 spa d
040 _aDO-SdBNP
_bspa
_cBNPHU
082 _a301
_bI61c, 1991
245 0 0 _aIntroducción a las ciencias sociales :
_bselección de lecturas para el texto básico de la materia /
_cpresentación Rubén Silié ; textos de Maurice Duverger...[et.al].
250 _a4a. ed.
260 _aSanto Domingo :
_bTaller,
_c1991.
300 _a133 p. ;
_c23 cm.
490 1 _aTextos
_aBiblioteca taller
_v132
500 _aA la cabeza del título ICS-011
504 _aIncluye referencias bibliográficas y notas al pie de las páginas
590 _aInventariado, 2018/VM
650 0 _aCiencias sociales
_91065
650 0 _aSociología
_91061
700 1 2 _aDuverger, Maurice
_950393
700 1 2 _aRubén, Selié
_972138
830 0 _aTextos
_pBiblioteca taller
_v132
_954528
910 _aValidado. Control de calidad MFF
999 _c43622
_d43622